Statistics for Austria Euro 2020 Squad

Click here to take the quiz!

General Stats

  • This quiz has been taken 587 times
    (577 since last reset)
  • The average score is 12 of 27

Answer Stats

#PositionPlayer% Correct
8DFDavid Alaba
97%
7FWMarko Arnautović
86%
9MFMarcel Sabitzer
72%
24MFKonrad Laimer
66%
21DFStefan Lainer
60%
19MFChristoph Baumgartner
55%
14MF ©Julian Baumgartlinger
53%
4DFMartin Hinteregger
53%
3DFAleksandar Dragović
50%
1GKAlexander Schlager
47%
23MFXaver Schlager
47%
13GKDaniel Bachmann
45%
11FWMichael Gregoritsch
44%
25FWSaša Kalajdžić
40%
10MFFlorian Grillitsch
39%
2DFAndreas Ulmer
38%
ManagerFranco Foda
36%
22MFValentino Lazaro
33%
6MFStefan Ilsanker
28%
5DFStefan Posch
27%
15DFPhilipp Lienhart
25%
20MFKarim Onisiwo
24%
18MFAlessandro Schöpf
23%
12GKPavao Pervan
23%
16MFChristopher Trimmel
22%
17MFLouis Schaub
22%
26DFMarco Friedl
16%

Score Distribution

Percentile by Number Answered

Percent of People with Each Score

Your Score History

You have not taken this quiz since the last reset